000 00398nam a2200145Ia 4500
005 20251222144625.0
008 251222s9999||||xx |||||||||||||| ||spa||
020 _a8489420025
082 _a751.730.986/M26
100 _aMartínez Borrero, Juan
245 0 _aLa Pintura Popular del Carmen:
250 _a1ra. ed.
264 _bCentro Intermericano de Artesanías y Artes Populares
942 _cLIB
999 _c16085
_d16085